000 00921nam a22002775a 4500
005 20161201120153.0
008 161201s2014 ii a fr 001 0 eng d
020 _a9789350140581
040 _aEG-ScBUE
_beng
_cEG-ScBUE
_dEG-ScBUE
082 0 4 _222
_a621.3815
_bSHA
100 1 _aSharma, Sanjay.
_938539
245 1 0 _aIntegrated circuits /
_cSanjay Sharma ; edited by Deeksha Sharma & V. Sharma.
250 _a5th revised ed., Reprint ed.
260 _aNew Delhi :
_bS. K. Kataria & Sons,
_c2014.
300 _a483 p. :
_bill. ;
_c24 cm.
500 _aIndex : p. 481-483.
500 _aReprinted of 2012 ed.
650 7 _2BUEsh
_933899
_aElectronic circuit design.
650 0 _aDigital-to-analog converters.
_2BUEsh
650 7 _933160
_aPhase-locked loops.
_2BUEsh
651 _2BUEsh
653 _bENGELC
_cDecember2016
700 1 _aSharma, Deeksha,
_eeditor.
700 1 _aSharma, V.,
_eeditor.
942 _2ddc
999 _c23410
_d23382